| 000 | 00767nam a2200241 4500 | ||
|---|---|---|---|
| 001 | 32910 | ||
| 003 | AR-RoBPED | ||
| 005 | 20260626091950.0 | ||
| 008 | 260625s2025 ag a|||br|||| 00| 1 spa d | ||
| 020 | _a9786310109541 | ||
| 040 | _aAR-RoBPED | ||
| 041 | _aspa | ||
| 100 | 1 |
_aConti, Diana Rosa _929795 |
|
| 245 | 1 |
_aQuina en busca del sana sana / _cDiana Conti ; ilustraciones de Leonardo García. |
|
| 260 |
_aRosario: _bDiana Rosa Conti, _c2025. |
||
| 300 |
_as. p. _bilust. |
||
| 650 | 4 |
_aLITERATURA ARGENTINA _915616 |
|
| 650 | 4 |
_aLITERATURA INFANTIL _9168 |
|
| 655 | 7 |
_aCuento _2lcgft _930943 |
|
| 700 | 1 |
_aGarcía, Leonardo _930198 _eilust. |
|
| 942 |
_2udc _ak. 32910 _cBK _h860(82)-3 _mC 74 qu _pinv. 42557 _kI |
||
| 999 |
_c32910 _d32910 |
||